Briefwechsel
| Main Author: | |
|---|---|
| Contributors: | ; |
| Format: | Print Book |
| Language: | German Latin |
| Subito Delivery Service: | Order now. |
| Check availability: | HBZ Gateway |
| WorldCat: | WorldCat |
| Interlibrary Loan: | Interlibrary Loan for the Fachinformationsdienste (Specialized Information Services in Germany) |
| Published: |
Münster in Westfalen
Aschendorff
1938
|
| In: |
Corpus catholicorum (19/21)
Year: 1938 |
| Reviews: | Ellenbog, Nikolaus, Briefwechsel (1938) (Tüchle, Hermann, 1905 - 1986)
Ellenbog, Nikolaus, Briefwechsel (1938) (Clemen, Otto, 1871 - 1946) Ellenbog, Nikolaus, Briefwechsel (1938) (Clemen, Otto, 1871 - 1946) |
| Series/Journal: | Corpus catholicorum
19/21 |
| Standardized Subjects / Keyword chains: | B
Ellenbog, Nikolaus 1481-1543
|
| Further subjects: | B
Correspondence
|
MARC
| LEADER | 00000cam a2200000 c 4500 | ||
|---|---|---|---|
| 001 | 1079517197 | ||
| 003 | DE-627 | ||
| 005 | 20250722083703.0 | ||
| 007 | tu | ||
| 008 | 850101s1938 xx ||||| 00| ||ger c | ||
| 035 | |a (DE-627)1079517197 | ||
| 035 | |a (DE-576)009517197 | ||
| 035 | |a (DE-599)BSZ009517197 | ||
| 035 | |a (OCoLC)1528508319 | ||
| 035 | |a (OCoLC)310899896 | ||
| 035 | |a (DE-604)8029043794 | ||
| 040 | |a DE-627 |b ger |c DE-627 |e rakwb | ||
| 041 | |a ger |a lat | ||
| 084 | |a 1 |2 ssgn | ||
| 084 | |a BO 5260 |2 rvk |0 (DE-625)rvk/14539: | ||
| 084 | |a NN 1755 |2 rvk |0 (DE-625)rvk/126639: | ||
| 100 | 1 | |0 (DE-588)100964826 |0 (DE-627)076695727 |0 (DE-576)160852900 |4 aut |a Ellenbog, Nikolaus |d 1481-1543 | |
| 109 | |a Ellenbog, Nikolaus 1481-1543 |a Nicolaus Ellenbog 1481-1543 |a Nicolaus Ellbog 1481-1543 |a Cubitus, Nicolaus 1481-1543 |a Nikolaus Ellbog 1481-1543 |a Nicolaus Cubitus 1481-1543 |a Nicolaus Cubitensis 1481-1543 |a Nikolaus Ellenbog 1481-1543 |a Elenbogius, Nikolaus 1481-1543 | ||
| 245 | 1 | 0 | |a Briefwechsel |c Nikolaus Ellenbog. Einl. u. Buch 1 - 2 von Andreas Bigelmair; Buch 3 - 9 u. Reg. von Friedrich Zoepfl |
| 264 | 1 | |a Münster in Westfalen |b Aschendorff |c 1938 | |
| 300 | |a CVII, 528 S., 3 Bl. |b Ill. | ||
| 336 | |a Text |b txt |2 rdacontent | ||
| 337 | |a ohne Hilfsmittel zu benutzen |b n |2 rdamedia | ||
| 338 | |a Band |b nc |2 rdacarrier | ||
| 490 | 1 | |a Corpus catholicorum |v 19/21 | |
| 500 | |a Literaturverz. S. XII - XXXII | ||
| 583 | 1 | |a Archivierung/Langzeitarchivierung gewährleistet |f SSG |x XA-DE-BW |2 pdager |5 DE-21 | |
| 601 | |a Briefwechsel | ||
| 655 | 7 | |a Briefsammlung |0 (DE-588)4146609-3 |0 (DE-627)104269936 |0 (DE-576)209750472 |2 gnd-content | |
| 689 | 0 | 0 | |d p |0 (DE-588)100964826 |0 (DE-627)076695727 |0 (DE-576)160852900 |2 gnd |a Ellenbog, Nikolaus |d 1481-1543 |
| 689 | 0 | |5 (DE-627) | |
| 700 | 1 | |e Hrsg. |0 (DE-588)101082878 |0 (DE-627)076713105 |0 (DE-576)272950645 |4 edt |a Bigelmair, Andreas |d 1873-1962 | |
| 700 | 1 | |e Hrsg. |0 (DE-588)117010944 |0 (DE-627)13904972X |0 (DE-576)163679630 |4 edt |a Zoepfl, Friedrich |d 1885-1973 | |
| 787 | 0 | 8 | |i Rezension |a Tüchle, Hermann, 1905 - 1986 |t Ellenbog, Nikolaus, Briefwechsel |d 1938 |w (DE-627)1526832445 |w (DE-576)456832440 |
| 787 | 0 | 8 | |i Rezension |a Clemen, Otto, 1871 - 1946 |t Ellenbog, Nikolaus, Briefwechsel |d 1938 |w (DE-627)1469586592 |w (DE-576)399586598 |
| 787 | 0 | 8 | |i Rezensiert in |a Clemen, Otto, 1871 - 1946 |t Ellenbog, Nikolaus, Briefwechsel |d 1938 |w (DE-627)1520781261 |w (DE-576)450781267 |
| 830 | 0 | |a Corpus catholicorum |v 19/21 |9 19/21 |w (DE-627)130206237 |w (DE-576)028453808 |w (DE-600)533277-1 |x 0070-0320 |7 am | |
| 935 | |a mteo | ||
| 936 | r | v | |a BO 5260 |b Quellensammlungen und Schriftenreihen |k Theologie und Religionswissenschaften |k Patrologie und Kirchengeschichte |k Kirchengeschichte nach Perioden |k Reformation und Gegenreformation (1517-1648) |k Quellen |k Katholisches Leben, Kirchenreform und Gegenreformation |k Quellensammlungen und Schriftenreihen |0 (DE-627)1270747924 |0 (DE-625)rvk/14539: |0 (DE-576)200747924 |
| 936 | r | v | |a NN 1755 |b Reihen |k Geschichte |k Neuere Geschichte |k Zeitalter der Reformation (1517 - 1555) |k Allgemeines |k Reihen |0 (DE-627)1271464780 |0 (DE-625)rvk/126639: |0 (DE-576)201464780 |
| 951 | |a BO | ||
| ELC | |b 1 | ||
| ITA | |a 1 |t 1 | ||
| LOK | |0 000 xxxxxcx a22 zn 4500 | ||
| LOK | |0 001 2076064419 | ||
| LOK | |0 003 DE-627 | ||
| LOK | |0 004 1079517197 | ||
| LOK | |0 005 20130411174101 | ||
| LOK | |0 008 981103||||||||||||||||ger||||||| | ||
| LOK | |0 040 |a DE-21 |c DE-627 |d DE-21 | ||
| LOK | |0 852 |a DE-21 | ||
| LOK | |0 852 1 |c Gd 689-19/21 |9 00 | ||
| LOK | |0 935 |a dika |a theo | ||
| LOK | |0 939 |a 03-11-98 |b l01 | ||
| LOK | |0 000 xxxxxcx a22 zn 4500 | ||
| LOK | |0 001 2076064443 | ||
| LOK | |0 003 DE-627 | ||
| LOK | |0 004 1079517197 | ||
| LOK | |0 005 20091201100107 | ||
| LOK | |0 008 990317||||||||||||||||ger||||||| | ||
| LOK | |0 040 |a DE-21-35 |c DE-627 |d DE-21-35 | ||
| LOK | |0 541 |e A5261 | ||
| LOK | |0 852 |a DE-21-35 | ||
| LOK | |0 852 1 |c Dk 7.081-19.21 |m p |9 00 | ||
| LOK | |0 938 |k p | ||
| LOK | |0 939 |a 17-03-99 |b l01 | ||
| LOK | |0 000 xxxxxcx a22 zn 4500 | ||
| LOK | |0 001 2780814721 | ||
| LOK | |0 003 DE-627 | ||
| LOK | |0 004 1079517197 | ||
| LOK | |0 005 20220405122012 | ||
| LOK | |0 008 140120||||||||||||||||ger||||||| | ||
| LOK | |0 040 |a DE-21-32c |c DE-627 |d DE-21-32c | ||
| LOK | |0 541 |e 20402 | ||
| LOK | |0 852 |a DE-21-32c | ||
| LOK | |0 852 1 |c Gc b 2002-19/21 |m p |9 00 | ||
| LOK | |0 935 |a k32c | ||
| LOK | |0 938 |k p | ||
| LOK | |0 939 |a 20-01-14 |b l01 | ||
| ORI | |a SA-MARC-ixtheoa001.raw | ||
| SYG | 0 | 0 | |a Nicolaus,Ellenbog,1481-1543,Nicolaus,Ellbog,1481-1543,Nikolaus,Ellbog,1481-1543,Nicolaus,Cubitus,1481-1543,Nicolaus,Cubitensis,1481-1543,Cubitus, Nicolaus,1481-1543,Nikolaus,Ellenbog,1481-1543,Elenbogius, Nikolaus,1481-1543 |